| Tag |
First Indicator |
Second Indicator |
Subfields |
| LEADER |
00000cgm a2200000Ii 4500 |
| 001 |
in00004361862 |
| 005 |
20210917142744.0 |
| 007 |
vd csaizq |
| 008 |
210908s2021 nyu105 vleng d |
| 035 |
|
|
|a (OCoLC)on1268336359
|
| 040 |
|
|
|a TXA
|b eng
|e rda
|c TXA
|
| 024 |
1 |
|
|a 738329254919
|
| 028 |
4 |
2 |
|a K25491
|b Kino Lorber, Inc.
|
| 035 |
|
|
|a (OCoLC)1268336359
|
| 050 |
|
4 |
|a PN1997
|b .M66 2021b
|
| 049 |
|
|
|a TXAM
|
| 245 |
0 |
0 |
|a Moment by moment /
|c Universal Pictures present ; a Robert Stigwood production ; writen and directed by Jane Wagner.
|
| 264 |
|
1 |
|a [New York, New York] :
|b Kino Lorber, Inc.,
|c [2021]
|
| 300 |
|
|
|a 1 videodisc (105 min.) :
|b sound, color ;
|c 4 3/4 in.
|
| 336 |
|
|
|a two-dimensional moving image
|b tdi
|2 rdacontent
|
| 337 |
|
|
|a video
|b v
|2 rdamedia
|
| 338 |
|
|
|a videodisc
|b vd
|2 rdacarrier
|
| 344 |
|
|
|a digital
|2 rdatr
|
| 344 |
|
|
|b optical
|2 rdarm
|
| 347 |
|
|
|a video file
|2 rdaft
|
| 347 |
|
|
|b Blu-ray video
|
| 380 |
|
|
|a Motion pictures
|2 lcgft
|
| 490 |
1 |
|
|a KL studio classics
|
| 538 |
|
|
|a Blu-ray disc, region A; aspert ratio: 2.35:1 widescreen; DTS sound format; requires Blu-ray player.
|
| 500 |
|
|
|a Title from screens.
|
| 511 |
1 |
|
|a John Travolta, Lily Tomlin, Debra Feuer, Andra Akers, Bert Kramer.
|
| 508 |
|
|
|a Director of photography, Philip Lathrop ; editing, LaReine Johnston ; music scored, Lee Holdridge.
|
| 500 |
|
|
|a Originally released as a motion picture in 1978.
|
| 500 |
|
|
|a Wide screen.
|
| 521 |
8 |
|
|a Rating: R.
|
| 520 |
|
|
|a "Trisha Rawlings, a Beverly Hills socialite suffers from loneliness following the separation of her womanizing husband Stu. Strip, a young drifter, became infatuated with her and, develops a May/December relationship with her."--IMDb.
|
| 500 |
|
|
|a Special features: audio commentaries by film historians, Lee Gambin and Sergio Mims with Maya Mantanez Smukler; 3 radio spots, theatrical thriller..
|
| 650 |
|
0 |
|a Man-woman relationships
|v Drama.
|
| 650 |
|
0 |
|a May-December romances
|v Drama.
|
| 650 |
|
7 |
|a Man-woman relationships.
|2 fast
|0 (OCoLC)fst01007080
|
| 650 |
|
7 |
|a May-December romances.
|2 fast
|0 (OCoLC)fst01743273
|
| 655 |
|
7 |
|a Drama.
|2 fast
|0 (OCoLC)fst01423879
|
| 655 |
|
7 |
|a Feature films.
|2 fast
|0 (OCoLC)fst01710384
|
| 655 |
|
7 |
|a Romance films.
|2 fast
|0 (OCoLC)fst01710332
|
| 655 |
|
7 |
|a Romance films.
|2 lcgft
|
| 655 |
|
7 |
|a Feature films.
|2 lcgft
|
| 700 |
1 |
|
|a Wagner, Jane,
|d 1935-
|e film director,
|e screenwriter.
|
| 700 |
1 |
|
|a Stigwood, Robert,
|d 1934-2016,
|e film producer.
|
| 700 |
1 |
|
|a Tomlin, Lily,
|e actor.
|
| 700 |
1 |
|
|a Travolta, John,
|d 1954-
|e actor.
|
| 700 |
1 |
|
|a Akers, Andra,
|e actor.
|
| 700 |
1 |
|
|a Feuer, Debra,
|e actor.
|
| 700 |
1 |
|
|a Gambin, Lee,
|e writer of added commentary.
|
| 700 |
1 |
|
|a Mims, Sergio,
|e writer of added commentary.
|
| 700 |
1 |
|
|a Smukler, Maya Montanez,
|e writer of added commentary.
|
| 710 |
2 |
|
|a Universal Pictures (Firm),
|e film production company.
|
| 710 |
2 |
|
|a Kino Lorber, Inc.,
|e publisher.
|
| 830 |
|
0 |
|a KL studio classics.
|
| 948 |
|
|
|a cataloged
|b h
|c 2021/9/17
|d o
|e tchubaryan
|f 2:27:38 pm
|
| 994 |
|
|
|a C0
|b TXA
|
| 999 |
f |
f |
|s 6b89997a-dfbf-3e58-88ec-973a49f85ec8
|i 52b8a3a5-e6c7-3fa8-9277-475b4fef473c
|t 0
|
| 952 |
f |
f |
|p bluray
|a Texas A&M University
|b College Station
|c Sterling C. Evans Library
|d Evans: Media and Reserves (Annex 1st floor)
|t 0
|e PN1997 .M66 2021b
|h Library of Congress classification
|i video -- videodisc
|m A14851202748
|
| 998 |
f |
f |
|a PN1997 .M66 2021b
|t 0
|l Evans: Media and Reserves (Annex 1st floor)
|